[Event "Cappelle op 38th"]
[Site "Cappelle la Grande"]
[Date "2022.02.16"]
[Round "6"]
[White "Fedorchuk, Sergey A"]
[Black "Bujisho, Benjamin"]
[Result "1-0"]
[WhiteElo "2605"]
[BlackElo "2296"]
[PlyCount "67"]
[EventDate "2022.02.12"]
[EventType "swiss"]
[EventRounds "9"]
[EventCountry "FRA"]
[SourceTitle "CBM 206 Extra"]
[Source "ChessBase"]
[SourceDate "2022.03.31"]
[SourceVersion "1"]
[SourceVersionDate "2022.03.31"]
[SourceQuality "1"]

1. e4 c6 2. d4 d5 3. Nd2 dxe4 4. Nxe4 Nf6 5. Nxf6+ exf6 6. c3 Bd6 7. Bd3 0-0 8. Qc2 Re8+ 9. Ne2 h5 10. Be3 Nd7 11. 0-0-0 Nf8 12. Kb1 Be6 13. c4 Rc8 14. a3 b5 15. c5 Bc7 16. Nc3 Bd5 17. Rhg1 g6 18. Nxd5 Qxd5 19. g4 h4 20. Bf1 Qd7 21. Bg2 Rcd8 22. h3 Ne6 23. Qe4 Nxc5 24. Qxc6 Qxc6 25. Bxc6 Nd7 26. Bxb5 Bb6 27. Rd3 Re7 28. Rc1 Nf8 29. Rc6 Ne6 30. Bc4 Nxd4 31. Rxf6 Kg7 32. Rxb6 axb6 33. Rxd4 Rxd4 34. Bxd4+ 1-0

[Event "Titled Tuesday intern op 05th Oct"]
[Site "Chess.com INT"]
[Date "2021.10.05"]
[Round "2"]
[White "Bujisho, Benjamin"]
[Black "Sadhwani, Raunak"]
[Result "1-0"]
[WhiteElo "2298"]
[BlackElo "2609"]
[PlyCount "123"]
[EventDate "2021.10.05"]
[EventType "swiss (blitz)"]
[EventRounds "11"]
[EventCountry "USA"]
[SourceTitle "CBM 204 Extra"]
[Source "ChessBase"]
[SourceDate "2021.11.30"]
[SourceVersion "1"]
[SourceVersionDate "2021.11.30"]
[SourceQuality "1"]

1. e4 e5 2. Nc3 Nf6 3. g3 Nc6 4. Bg2 Bc5 5. d3 a6 6. Nge2 d6 7. 0-0 h5 8. Be3 Bxe3 9. fxe3 h4 10. Nd5 Nxd5 11. exd5 Ne7 12. e4 Ng6 13. Qd2 Qe7 14. c4 hxg3 15. hxg3 Bg4 16. Bf3 Bxf3 17. Rxf3 0-0-0 18. Raf1 f6 19. R3f2 Qd7 20. Rg2 Rh5 21. Kf2 Rdh8 22. Ke1 Qg4 23. Kd1 Rh1 24. Rxh1 Rxh1+ 25. Kc2 b6 26. Rf2 Ne7 27. Qe3 Rh3 28. Qf3 Qxf3 29. Rxf3 Rh2 30. Kd1 Kd7 31. Ke1 Ke8 32. Rf2 Rh1+ 33. Rf1 Rh2 34. Rf2 Rh8 35. Kf1 Rh1+ 36. Ng1 Kf7 37. Kg2 Rh8 38. Nf3 Ke8 39. b4 c6 40. Rc2 Kd7 41. Nh4 Rc8 42. dxc6+ Nxc6 43. a3 Nd4 44. Rc1 Ke6 45. Nf3 Nc6 46. Kf2 Ne7 47. Rh1 b5 48. Rc1 Kd7 49. Nd2 d5 50. exd5 Nxd5 51. Ne4 Ke7 52. Nc5 Nb6 53. Nxa6 bxc4 54. dxc4 Rxc4 55. Rxc4 Nxc4 56. a4 Kd6 57. Nc5 f5 58. a5 Nxa5 59. Ne4+ Kc6 60. bxa5 Kb5 61. Nd6+ Kxa5 62. Nxf5 1-0

[Event "Titled Tuesday intern op 05th Oct"]
[Site "Chess.com INT"]
[Date "2021.10.05"]
[Round "4"]
[White "Garcia Garcia, Alejandro"]
[Black "Bujisho, Benjamin"]
[Result "1/2-1/2"]
[WhiteElo "2247"]
[BlackElo "2298"]
[PlyCount "140"]
[EventDate "2021.10.05"]
[EventType "swiss (blitz)"]
[EventRounds "11"]
[EventCountry "USA"]
[SourceTitle "CBM 204 Extra"]
[Source "ChessBase"]
[SourceDate "2021.11.30"]
[SourceVersion "1"]
[SourceVersionDate "2021.11.30"]
[SourceQuality "1"]

1. Nf3 g6 2. g3 Bg7 3. Bg2 Nf6 4. 0-0 0-0 5. c4 d6 6. Nc3 e5 7. Rb1 Re8 8. b4 a6 9. a4 c6 10. b5 axb5 11. axb5 d5 12. bxc6 bxc6 13. cxd5 cxd5 14. d4 e4 15. Ne5 Nbd7 16. Bg5 Nxe5 17. dxe5 Rxe5 18. Nxe4 Bf5 19. Nxf6+ Bxf6 20. Bxf6 Qxf6 21. Rb2 Be4 22. e3 h5 23. Rd2 h4 24. Bxe4 dxe4 25. Qg4 Kg7 26. Rfd1 hxg3 27. hxg3 Qf5 28. Qxf5 Rxf5 29. Rd5 Rxd5 30. Rxd5 f5 31. Rd2 Kf6 32. Kg2 Kg5 33. Rb2 Ra3 34. Rb6 Ra2 35. Rc6 Kh5 36. Rf6 Rb2 37. Re6 g5 38. Re5 Kg4 39. Re8 Ra2 40. Rf8 Rb2 41. Re8 Rb6 42. Ra8 Rg6 43. Ra4 Re6 44. Ra8 Kh5 45. Rh8+ Kg6 46. Rf8 Kg7 47. Rxf5 Kg6 48. Rf8 Kg7 49. Ra8 Kg6 50. Ra5 Kf6 51. g4 Kg6 52. Kg3 Re8 53. Rf5 Re7 54. f3 exf3 55. Kxf3 Ra7 56. Rb5 Ra4 57. Re5 Kf6 58. Rf5+ Kg6 59. Rf8 Kg7 60. Re8 Kg6 61. Re4 Ra1 62. Re6+ Kf7 63. Rb6 Rf1+ 64. Ke4 Kg7 65. Ke5 Rf3 66. e4 Rf4 67. Rb7+ Kg6 68. Rb6+ Kg7 69. Rb7+ Kg6 70. Rb6+ Kg7 1/2-1/2